Juegos de juventud = School Daze /
Comedia sobre la vida estudiantil en una universidad de negros en el sur de Estados Unidos. Los conflictos que vivien los estudiantes, además del racismo, son de carácter personal (desde la identidad personal a la carencia de autoestima), o bien, ocasionados por el sistema de fraternidades y una act...
Shranjeno v:
| Glavni avtor: | |
|---|---|
| Drugi avtorji: | , , , , , |
| Format: | |
| Jezik: | angleščina |
| Izdano: |
Nueva York, EUA :
40 Acres and A Mule Filmworks,
1988, c1988
|
| Teme: | |
| Oznake: |
Brez oznak, prvi označite!
|
MARC
| LEADER | 00000ngm^a2200000^a^4500 | ||
|---|---|---|---|
| 001 | 000092758 | ||
| 005 | 20250521000000.0 | ||
| 009 | 20260310092735.246 | ||
| 037 | |a Acervo ITESO - Biblioteca | ||
| 041 | |a ING | ||
| 082 | |a 819. 5 |b LEE | ||
| 100 | |a Lee, Spike |e (realización) | ||
| 240 | 1 | 1 | |a [Juegos de juventud] |
| 245 | 1 | 0 | |a Juegos de juventud = |b School Daze / |c Realización de S. Lee. |
| 246 | 2 | |a Título alternativo en español (Colombia y España): Jóvenes confundidos | |
| 246 | 2 | |a Título en México: Juegos de juventud | |
| 264 | 4 | |a Nueva York, EUA : |b 40 Acres and A Mule Filmworks, |c 1988, c1988 | |
| 264 | 2 | |a México : |b Videovisa [distribución], |c 1992, c1992 | |
| 300 | |a 1 videocasete VHS |c (120 min.) | ||
| 336 | |a imagen móvil bidimensional |b tdi |2 rdacontenido | ||
| 337 | |a video |b v |2 rdamedio | ||
| 338 | |a videocasete |b vf |2 rdasoporte | ||
| 520 | |a Comedia sobre la vida estudiantil en una universidad de negros en el sur de Estados Unidos. Los conflictos que vivien los estudiantes, además del racismo, son de carácter personal (desde la identidad personal a la carencia de autoestima), o bien, ocasionados por el sistema de fraternidades y una actitud en mayor o menor grado conservadora ante la vida. | ||
| 530 | |a Existe una edición en formato audiovisual en DVD con el mismo título | ||
| 546 | |a En inglés, con subtítulos en español | ||
| 649 | |a XX | ||
| 650 | |a Jóvenes en el Cine | ||
| 650 | |a Estudiantes en el Cine | ||
| 650 | |a Sociedades Estudiantiles - |z EUA | ||
| 650 | |a Negros en el Cine | ||
| 650 | |a Negros en EUA - |x Condiciones Sociales y Culturales | ||
| 650 | |a Películas Musicales | ||
| 650 | |a Comedias Cinematográficas | ||
| 650 | |a Cine Afroamericano - |z EUA | ||
| 650 | |a Cine Independiente - |z EUA | ||
| 650 | |a Cine Norteamericano - |y 1980-1989 | ||
| 650 | |a Cine Norteamericano - |y Siglo XX | ||
| 650 | |a Racismo - |z EUA | ||
| 650 | |a Identidad Cultural - |z EUA | ||
| 650 | |a Diversidad Cultural - |z EUA | ||
| 650 | |a Relaciones Interculturales - |z EUA | ||
| 650 | |a Educación Superior - |z EUA | ||
| 650 | |a Atlanta, EUA en el Cine | ||
| 700 | |a Dickerson, Ernest R. |e (fotógrafo) | ||
| 700 | |a Brown, Barry Alexander |e (montaje) | ||
| 700 | |a Lee, Bill |e (música) | ||
| 700 | |a Fishburne, Laurence |e (actuación) | ||
| 700 | |a Esposito, Giancarlo |e (actuación) | ||
| 700 | |a Campbell-Martin, Tisha |e (actuación) | ||
| 910 | |a Fondo General | ||
| 920 | |a Audiovisuales - Videocasetes | ||
| 940 | |a Películas | ||
| 905 | |a 301 | ||
| 901 | |a 0500027231 |b IT2 |c VIS |u 20250521 | ||
| 902 | |a https://opac.biblio.iteso.mx/vufind/Record/000092758 | ||